| 000 | 00698nam a2200229 a 4500 | ||
|---|---|---|---|
| 001 | 65320 | ||
| 003 | BD-RjUL | ||
| 005 | 20211209081417.0 | ||
| 008 | 170304s1957 ru acf 000 0aeng d | ||
| 035 | _a(BD-RjUL)65450 | ||
| 040 |
_aODaWU _cODaWU _dBD-RjUL _beng |
||
| 041 | 1 |
_aeng _hrus |
|
| 082 |
_223 _a792 _bCHN 1957 |
||
| 100 | 1 |
_aCherkasov, Nikolai Konstantinovich, _d1903-1966. _9193332 |
|
| 245 | 1 | 0 |
_aNotes of a Soviet actor / _cN. Cherkasov |
| 260 |
_aMoscow : _bForeign Languages Pub. House, _c1957. |
||
| 300 |
_a227 p. : _bill. ; _c22 cm. |
||
| 650 | 0 |
_aActors _zRussia (Federation) _xBiography. _9193333 |
|
| 650 | 0 |
_aActing. _9185166 |
|
| 942 |
_2ddc _cBK |
||
| 999 |
_c65320 _d65320 |
||